000 00255nam a2200097Ia 4500
001 1064860
005 20250827001723.0
008 250824s9999 xx 000 0 und d
245 0 _aOSMANLIDA DERİN DEVLET
_cYAVUZ BAHADIROĞLU
260 _bPANAMA YAYINLARI
999 _c1064860
_d1064860